Handbuch der astronomie intrergeschichte und litteratur band II (in German) (Record no. 478)

MARC details
000 -LEADER
fixed length control field 00621nam a2200193Ia 4500
003 - CONTROL NUMBER IDENTIFIER
control field IN-BaIIA
008 - FIXED-LENGTH DATA ELEMENTS--GENERAL INFORMATION
fixed length control field 211028s9999 xx 000 0 eng d
040 ## - CATALOGING SOURCE
Transcribing agency IIA Library
080 ## - UNIVERSAL DECIMAL CLASSIFICATION NUMBER
Universal Decimal Classification number 52(035)
Item number WOL-II
100 ## - MAIN ENTRY--PERSONAL NAME
Personal name Wolf, Rudolf
9 (RLIN) 1101
245 #0 - TITLE STATEMENT
Title Handbuch der astronomie intrergeschichte und litteratur band II (in German)
Statement of responsibility, etc. Rudolf Wolf
260 ## - PUBLICATION, DISTRIBUTION, ETC.
Place of publication, distribution, etc. Zurich
Name of publisher, distributor, etc. Druck Und Verlag
Date of publication, distribution, etc. 1892
300 ## - PHYSICAL DESCRIPTION
Extent 658p
650 ## - SUBJECT ADDED ENTRY--TOPICAL TERM
Topical term or geographic name entry element Archives
650 ## - SUBJECT ADDED ENTRY--TOPICAL TERM
Topical term or geographic name entry element Astronomy and Astrophysics thesaurus
650 ## - SUBJECT ADDED ENTRY--TOPICAL TERM
Topical term or geographic name entry element Astronomy-Handbooks
9 (RLIN) 1102
650 ## - SUBJECT ADDED ENTRY--TOPICAL TERM
Topical term or geographic name entry element Handbooks-Astronomy
9 (RLIN) 1103
942 ## - ADDED ENTRY ELEMENTS (KOHA)
Koha item type Books
Holdings
Withdrawn status Lost status Damaged status Not for loan Home library Current library Shelving location Date acquired Total Checkouts Full call number Barcode Date last seen Price effective from Koha item type
        IIA Library-Bangalore IIA Library-Kodaikanal General Stacks     52(035)/ WOL-II 496 05/11/2021   Books

Powered by Koha